Statistiques concernant Chansons françaises à compléter 1

Cliquez ici pour prendre le quiz!

Statistiques générales

  • Ce quiz a été pris 6 498 fois
  • Le résultat moyen est 10 sur 20

Statistiques - réponses

% Correct
Elle a les yeuxrevolverelle a le regard qui tue
93%
En ce temps là j'avaisvingtans
84%
Elle m'a dit d'allersifflerlà haut sur la coline
68%
Seul sur le sable, lesyeuxdans l'eau, mon rêve était trop beau
67%
Vous permettezMonsieurque j'emprunte vote fille
65%
J'ai unproblèmeje crois bien que je t'aime
63%
Là-bas, auConnemara, on sait tout le prix du silence
62%
Tu me fais tourner la tête, monmanègeà moi c'est toi
61%
Passez votreamourà la machine, faîtes le bouillir
59%
Tout va très bien, madame laMarquise, tout va très bien, tout va très bien
51%
Ca veut dire qu'il étaitlibre, heureux d'être là parmi nous
50%
La mer qu'on voitdanserle long des golfs clairs
42%
C'était un cordonnier, sans rien d'particulierdans un village dont le nom m'a échappé
40%
Dans les prisons deNantesy'avait un prisonnier
37%
La place rouge étaitvidedevant moi marchait Nathalie
33%
C'est vrai que j'suis épais comme unsandwichSNCF
30%
Laissez moi vous conter, avant de vousquitterl'histoire d'un p'tit village près de Napoli
22%
Qui a tuégrand-mamanest-ce le temps ou les hommes
14%
La maison près de lafontainecouverte de vigne vierge
13%
Trompettes de la renommée, vous êtes bien malembouchées
12%

Distribution des résultats

Percentile par nombre de réponses

% des personnes avec chaque résultat

Votre développement - résultats

Vous n’avez pas pris ce quiz